To dream again / (Record no. 1617)
[ view plain ]
| 000 -LEADER | |
|---|---|
| fixed length control field | 00552nam a2200205 a 4500 |
| 001 - CONTROL NUMBER | |
| control field | 0000001669 |
| 005 - DATE AND TIME OF LATEST TRANSACTION | |
| control field | 20140825163953.0 |
| 008 - FIXED-LENGTH DATA ELEMENTS--GENERAL INFORMATION | |
| fixed length control field | 860613s1981 tnua b 00010 eng |
| 020 ## - INTERNATIONAL STANDARD BOOK NUMBER | |
| International Standard Book Number | 0805425411 (pbk.) |
| 035 ## - SYSTEM CONTROL NUMBER | |
| System control number | 81065386 |
| 040 ## - CATALOGING SOURCE | |
| Original cataloging agency | PUL |
| 050 ## - LIBRARY OF CONGRESS CALL NUMBER | |
| Classification number | BV600.2 |
| Item number | .D28 1981 |
| 100 10 - MAIN ENTRY--PERSONAL NAME | |
| Personal name | Dale, Robert D. |
| 245 10 - TITLE STATEMENT | |
| Title | To dream again / |
| Statement of responsibility, etc | Robert D. Dale. |
| 260 0# - PUBLICATION, DISTRIBUTION, ETC. (IMPRINT) | |
| Place of publication, distribution, etc | Nashville, Tenn. : |
| Name of publisher, distributor, etc | Broadman Press, |
| Date of publication, distribution, etc | c1981. |
| 300 ## - PHYSICAL DESCRIPTION | |
| Extent | 154 p. : |
| Other physical details | ill. ; |
| Dimensions | 21 cm. |
| 504 ## - BIBLIOGRAPHY, ETC. NOTE | |
| Bibliography, etc | Includes bibliographies. |
| 650 #0 - SUBJECT ADDED ENTRY--TOPICAL TERM | |
| Topical term or geographic name as entry element | Church renewal. |
| 908 ## - PUT COMMAND PARAMETER (RLIN) | |
| Put command parameter | 050124 |
| Withdrawn status | Lost status | Source of classification or shelving scheme | Damaged status | Not for loan | Home library | Current library | Date acquired | Source of acquisition | Total Checkouts | Full call number | Barcode | Date last seen | Price effective from | Koha item type |
|---|---|---|---|---|---|---|---|---|---|---|---|---|---|---|
| Library of Congress Classification | Presbyterian University of East Africa - Main Library | Presbyterian University of East Africa - Main Library | 26/12/2012 | Donation | BV600.2 .D28 1981 | 020010001809 | 26/12/2012 | 26/12/2012 | General circulation books |
